Sławni ludzie z Afryki - Statystyki

Ogólne statystyki
  • Ten quiz został rozwiązany 16 razy
  • Średni wynik to 7 z 20
Statystyki odpowiedzi
Wskazówka Narodowość Człowiek % Poprawnych
Został prezydentem po spędzeniu 27 lat w więzieniu Republika Południowej Afryki Nelson Mandela
93%
Były libijski dyktator i pułkownik obalony w wojnie domowej w Libii Libia Mu’ammar al-Kaddafi
73%
Egipski faraon i kochanek Cezara Egipt Kleopatra
60%
Pierwszy Afrykańczyk, który strzelił 100 goli w Premier League dla Chelsea Wybrzeże Kości Słoniowej Didier Drogba
53%
Sekretarz Generalny ONZ w latach 1997-2006 Ghana Kofi Annan
53%
Wygnany dyktator Ugandy Uganda Idi Amin
40%
Pełna duszy wokalistka „Smooth Operator” i „The Sweetest Taboo” Nigeria Sade
40%
Były cesarz Etiopii i Mesjasz Rastafarian Etiopia Haile Selassie
33%
Dyktator Zimbabwe, którego polityka spowodowała spustoszenie gospodarcze Zimbabwe Robert Mugabe
33%
Pierwszy prezydent Egiptu odsunięty od władzy w wyniku rewolucji w 2011 r. Egipt Hosni Mubarak
27%
Bardzo chudy zawodnik NBA z rozpiętością ramion 8'6" Sudan Manute Bol
27%
Piosenkarka R&B, autorka piosenek „Smack That” i „I Wanna Love You” Senegal Akon
20%
Prezydent Egiptu i laureat Pokojowej Nagrody Nobla Egipt Anwar as-Sadat
20%
Biskup Hippony, który napisał „Wyznania” Algieria Augustyn z Hippony
20%
Pierwszy czarnoskóry arcybiskup Kapsztadu i przeciwnik apartheidu Republika Południowej Afryki Desmond Tutu
20%
Aktor z „Krwawego diamentu” i „Gladiatora” Benin Djimon Hounsou
13%
Były środkowy NBA znany jako „The Dream” Nigeria Hakeem Olajuwon
13%
Król-wojownik, który zjednoczył lud Zulusów Republika Południowej Afryki Shaka
13%
Reżyser „Dystryktu 9” i „Elizjum” Republika Południowej Afryki Neill Blomkamp
7%
Golfista z 9 najważniejszymi tytułami mistrzowskimi Republika Południowej Afryki Gary Player
0%
Nie znaleziono quizów pasujących do podanych kryteriów
Rozkład punktacji
Procent ludzi z każdym wynikiem
Percentyl według liczby udzielonych odpowiedzi
Twoja historia wyników
Nie rozwiązałeś tego quizu